000
00470nam a2200181Ia 4500
008
090124s9999 xx 000 0 und d
082
_b
113711
100
_a
शेळके उध्दव ज.
245
_a
ध्यास
250
_a
1
260
_c
1970
300
_a
88
600
_a
शेळके उध्दव ज.
630
_a
ध्यास
700
_a
शेळके उध्दव ज.
730
_a
ध्यास
942
_c
BOOK
999
_c
159802
_d
159802